000 00876nab a2200265 4500
003 BR-BrBNA
005 20250610201806.0
008 250610b bl.||||| |||| 00| 0 por d
040 _aBR-BrBNA
_bpor
072 _aE14 ; E20
100 _aMarques, Carlos José (ed.)
245 _aO novo usineiro virtual
_bAgrotecnologia
500 _a4 illus.
650 _aINOVAÇÃO TECNOLÓGICA
650 _aTECNOLOGIA DA INFORMAÇÃO
650 _aINFORMÁTICA
650 _aPROGRAMA
650 _aGESTÃO DA PROPRIEDADE
650 _aPLANEJAMENTO AGRÍCOLA
650 _aTOMADA DE DECISÃO
650 _aUSINA AÇUCAREIRA
773 0 _01706
_9347879
_dSão Paulo-SP Editora Três Ltda - E-mail: luizfsa@revistadinheiro.com.br 2004
_o2025-0378
_tDinheiro Rural (Brazil)
_x1807-3700
_gv. 6(54) p. 34; (Apr 2009)
_wBR2025001299
942 _cANA
999 _c332007
_d332007